000
00349nam a2200133Ia 4500
008
151021s9999 xx 000 0 und d
020
_a
9.782890395e+012
050
_a
PQ 2244 G2 1991
245
_a
_Le Chateau de fer
260
_a
Montreal Editions Paulines 1991
300
_a
131p.
650
_a
_French
980
_a
^d20131121 11:05:28^oanne
999
_c
14629
_d
14629